000 01037cam a2200301 i 4500
001 bg
003 KOSZ 005
005 20200408130907.0
008 041010s2004 pl f f |000 0 pol
015 _aPB 116/2003
020 _a8301142960
020 _a8301142979
040 _cKOSZ 005/HR
_aWA N
_dKOSZ 005/HR
080 _a517
080 _a(075.8+076)
100 1 _aKrysicki, Włodzimierz
_d(1905-2001)
_eAutor
245 1 0 _aAnaliza matematyczna w zadaniach.
_nCz. 2 /
_cWłodzimierz Krysicki, Lech Włodarski.
250 _aWyd. 27 (2 dodr.).
260 _aWarszawa :
_bWydaw. Naukowe PWN,
_c2004.
300 _a491, [1] s. :
_bil. ;
_c24 cm.
504 _aIndeks.
655 4 _aĆwiczenia i zadania dla szkół wyższych
650 4 _aAnaliza matematyczna
710 2 _aWydawnictwo Naukowe PWN
_4pbl.
700 1 _aWłodarski, Lech
_d(1916-1997)
_eAutor
856 _uhttp://koha.tu.koszalin.pl/cgi-bin/koha/opac-detail.pl?biblionumber=46483
_yKatalog online BPK
942 _cKS
_2UKD
999 _c46483
_d46483